| 000 | 00487cam a2200193ua 4500 | ||
|---|---|---|---|
| 001 | 8826 | ||
| 008 | 190405n ii |||gr||||Z||||||asm | ||
| 040 | _cMAIN | ||
| 041 | _aasm | ||
| 082 | _a891.4512 | ||
| 100 |
_aPona Mahanta, _eAuthor., |
||
| 245 |
_aNatakar rang-rup _cBy Pona Mahanata |
||
| 250 | _a1st. | ||
| 260 |
_aGuwahati: _bPublication board, Assam, _c2008. |
||
| 300 | _a144p. | ||
| 653 | _aEast Indo-European & Celtic literatures | ||
| 653 | _aAssamese drama | ||
| 942 | _cBK | ||
| 999 |
_c7920 _d7920 |
||